| 000 | 00588nam a2200181 4500 | ||
|---|---|---|---|
| 001 | 124113 | ||
| 003 | ES-MaACL | ||
| 005 | 20230906192326.0 | ||
| 007 | t| | ||
| 008 | 070214s1966 sp r ||||1| spa d | ||
| 100 | 1 |
_aRapin, Albert. _995459 |
|
| 245 | 1 | 0 |
_aEjercicios y soluciones de contabilidad analítica de explotación / _cAlbert Rapin, J. Poly ; traducción de Mª del Carmen Balzategui. |
| 260 |
_aBilbao : _bDeusto, _c1966. |
||
| 300 |
_a280 p. ; _c21 cm. |
||
| 700 | 1 |
_aPoly, J. _992893 |
|
| 700 | 1 |
_aBalzategui, María Carmen. _925140 |
|
| 852 |
_aES-MaACL _jC-31598 _bR.62280 |
||
| 999 |
_c124113 _d124113 |
||